Logic for Computer Science : Foundations of Automatic Theorem Proving

Αποθηκεύτηκε σε:
Λεπτομέρειες βιβλιογραφικής εγγραφής
Κύριος συγγραφέας: Gallier, Jean H.
Μορφή: Βιβλίο
Γλώσσα:English
Δημοσίευση: New York : John Wiley, c1987
Σειρά:Harper & Row computer science and technology series
Θέματα:
Ετικέτες: Προσθήκη ετικέτας
Δεν υπάρχουν, Καταχωρήστε ετικέτα πρώτοι!

MARC

LEADER 00000nam a2200000 i 4500
001 1/35292
008 941103s1987 eng d
020 |a 0-471-61546-3 
035 |a 1991  |c ΔΑΡΖΕΝΤΑΣ  |l 10039908 
040 |a GR-MY-UA  |b gre  |e aacr 
041 0 |a eng 
082 0 |a 511.3 
100 1 |a Gallier, Jean H. 
245 1 0 |a Logic for Computer Science :  |b Foundations of Automatic Theorem Proving /  |c Jean H. Gallier 
260 |a New York :   |b John Wiley,   |c c1987 
300 |a 511 p.;  |c 23 cm. 
490 1 |a Harper & Row computer science and technology series 
500 |a Includes bibliographical references and indexes 
650 0 0 |a Automatic theorem proving. 
650 0 0 |a Logic, Symbolic and mathematical. 
830 0 |a Harper & Row computer science and technology series 
852 |a INST  |b SAMOS  |e 19941103  |h 511.3 GAL  |p 005300003458  |q 005300003458  |t BK  |y 0 
909 |a Σ  |b 021725